000 00542nam a2200193Ia 4500
005 20250508152600.0
008 008 250505s9999 xx 000 0 eng d
037 _aTextual
040 _aFEDL
_beng
_cFEDL
041 _aeng
_2eng
084 _a301.426, MOW
_qFEDL
100 _aMowrer Ernest R.
_9134728
245 0 _aDisorganization : Personal and social
260 _aChicago
_bJ.B. Lippincott Company
_c1942
300 _aix,682p.
650 _aSociology
942 _cTEXL
_h301.426, MOW
999 _c1337394
_d1337394